000 00445nam a22001817a 4500
005 20260310164641.0
008 260310b |||||||| |||| 00| 0 eng d
020 _a978-93-95116-93-0
041 _aeng
082 _a345.0954 GAU-T
100 _aGAUR, MADHU
_98893
245 _aTEXTBOOK ON THE BHARATIYA NYAYA SANHITA, 2023
250 _a9TH ED. 2024
260 _aHARYANA
_bLEXIS NEXIS
300 _a1542,P
650 _aLAW
942 _cBK
999 _c9073
_d9071